[Event "Bayernliga U20 1718"]
[Site "Bayern"]
[Date "2018.03.10"]
[Round "6.6"]
[White "Klonov, Jakov"]
[Black "Schmucker, Jonas"]
[Result "0-1"]
[WhiteElo "1330"]
[BlackElo "1511"]
[PlyCount "144"]
[EventDate "2017.11.18"]
[EventType "team-tourn"]
[EventRounds "7"]
[EventCountry "GER"]
[SourceTitle "EXT 2022"]
[Source "ChessBase"]
[SourceDate "2021.10.06"]
[SourceVersion "1"]
[SourceVersionDate "2021.10.06"]
[SourceQuality "1"]
[WhiteTeam "Muenchen Suedost U20"]
[BlackTeam "Nuernberg Noris Tarrasch U20"]
[WhiteTeamCountry "GER"]
[BlackTeamCountry "GER"]

1. e4 d5 2. exd5 Qxd5 3. Nc3 Qd8 4. Bc4 Nf6 5. h3 c6 6. Nf3 Bf5 7. 0-0 e6 8. d3 Nbd7 9. Re1 Be7 10. Bf4 Nd5 11. Nxd5 cxd5 12. Bb3 Nc5 13. Nd4 Bg6 14. Be5 Bf6 15. Nb5 Bxe5 16. Rxe5 Nxb3 17. axb3 a6 18. Nc3 0-0 19. Ne2 Qc7 20. Rg5 Rac8 21. Rc1 Qe7 22. Rg3 Qf6 23. c3 h6 24. Qd2 e5 25. d4 e4 26. Nf4 Qf5 27. Nxg6 fxg6 28. Re1 Rc6 29. Ree3 Rcf6 30. Re2 h5 31. Rg5 Qe6 32. Qe3 Rf5 33. Qg3 Rxg5 34. Qxg5 Qf5 35. Qe7 Rf7 36. Qd8+ Kh7 37. Qd6 e3 38. Qg3 exf2+ 39. Rxf2 Qxf2+ 40. Qxf2 Rxf2 41. Kxf2 b5 42. Kf3 g5 43. h4 Kg6 44. hxg5 Kxg5 45. g3 Kf5 46. Ke3 g5 47. Kf3 g4+ 48. Ke3 a5 49. Kf2 Ke4 50. Ke2 b4 51. Kf2 Kd3 52. cxb4 axb4 53. Ke1 Kxd4 54. Kd2 Ke4 55. Ke2 d4 56. Kf2 d3 57. Kf1 Ke3 58. Ke1 Kf3 59. Kd2 Kxg3 60. Kxd3 Kf2 61. Kc4 g3 62. Kxb4 g2 63. Ka4 g1Q 64. b4 Qg4 65. Ka5 Ke3 66. b5 Qc8 67. b6 Qb8 68. Ka6 Kd4 69. b7 Kc5 70. b3 Kc6 71. b4 Qxb7+ 72. Ka5 Qb5# 0-1

[Event "Nuremberg Zabo op 19th"]
[Site "Nuremberg"]
[Date "2017.09.17"]
[Round "4"]
[White "Meyer, Robert"]
[Black "Schmucker, Jonas"]
[Result "1/2-1/2"]
[WhiteElo "1646"]
[BlackElo "1484"]
[PlyCount "30"]
[EventDate "2017.09.15"]
[EventType "swiss"]
[EventRounds "5"]
[EventCountry "GER"]
[SourceTitle "EXT 2022"]
[Source "ChessBase"]
[SourceDate "2021.10.06"]
[SourceVersion "1"]
[SourceVersionDate "2021.10.06"]
[SourceQuality "1"]

1. Nf3 Nc6 2. d4 d5 3. Bf4 Nf6 4. e3 a6 5. b3 Bf5 6. Bd3 Bg6 7. Nbd2 e6 8. Ne5 Nxe5 9. dxe5 Nd7 10. Bg3 c5 11. Bxg6 hxg6 12. c3 c4 13. e4 b5 14. exd5 exd5 15. Qe2 Be7 1/2-1/2

[Event "Mittelfranken-ch QT"]
[Site "Nuremberg"]
[Date "2015.04.02"]
[Round "5"]
[White "Cordts, Elof"]
[Black "Schmucker, Jonas"]
[Result "1-0"]
[WhiteElo "1779"]
[BlackElo "1447"]
[PlyCount "81"]
[EventDate "2015.04.01"]
[EventType "swiss"]
[EventRounds "7"]
[EventCountry "GER"]
[SourceTitle "CBM 166 Extra"]
[Source "ChessBase"]
[SourceDate "2015.06.18"]
[SourceVersion "1"]
[SourceVersionDate "2015.06.18"]
[SourceQuality "1"]

1. c4 d5 2. cxd5 Qxd5 3. Nc3 Qa5 4. e4 Nf6 5. d3 e5 6. Bd2 c6 7. Nf3 Qc7 8. Be2 Be6 9. 0-0 Bc5 10. a3 Nbd7 11. b4 Bd4 12. Rc1 Qd6 13. Ng5 h6 14. Nxe6 Qxe6 15. Qa4 g5 16. Qd1 g4 17. Be3 Bxe3 18. fxe3 h5 19. Rf5 0-0-0 20. Rg5 Rdg8 21. Rxg8+ Rxg8 22. Kf1 h4 23. Ke1 Nh5 24. Kd2 f5 25. exf5 Qxf5 26. Qf1 Qe6 27. Kc2 Rf8 28. Qg1 g3 29. Bf3 gxh2 30. Qxh2 h3 31. Rf1 hxg2 32. Bxg2 Rg8 33. Rf2 Qg4 34. Bh3 Qg6 35. Bxd7+ Kxd7 36. Qxe5 Re8 37. Qf5+ Qxf5 38. Rxf5 Ng3 39. Rf3 Nh5 40. Ne4 Re7 41. Kd2 1-0

[Event "Mittelfranken-ch QT"]
[Site "Nuremberg"]
[Date "2015.04.01"]
[Round "1"]
[White "Walch, Roger"]
[Black "Schmucker, Jonas"]
[Result "1-0"]
[WhiteElo "1757"]
[BlackElo "1447"]
[PlyCount "23"]
[EventDate "2015.04.01"]
[EventType "swiss"]
[EventRounds "7"]
[EventCountry "GER"]
[SourceTitle "CBM 166 Extra"]
[Source "ChessBase"]
[SourceDate "2015.06.18"]
[SourceVersion "1"]
[SourceVersionDate "2015.06.18"]
[SourceQuality "1"]

1. e4 d5 2. exd5 Qxd5 3. Nc3 Qa5 4. Bc4 Nf6 5. Qe2 Nc6 6. Nf3 Nb4 7. d3 Bg4 8. 0-0 c6 9. Bxf7+ Kxf7 10. Ne5+ Kg8 11. Nxg4 Nxg4 12. Qe6# 1-0

[Event "Nuremberg Zabo op 16th"]
[Site "Nuremberg"]
[Date "2014.09.20"]
[Round "3"]
[White "Schmucker, Jonas"]
[Black "Hahn, Thomas1111"]
[Result "1-0"]
[WhiteElo "1360"]
[BlackElo "1702"]
[PlyCount "89"]
[EventDate "2014.09.19"]
[EventType "swiss"]
[EventRounds "5"]
[EventCountry "GER"]
[SourceTitle "EXT 2018"]
[Source "ChessBase"]
[SourceDate "2017.10.13"]
[SourceVersion "1"]
[SourceVersionDate "2017.10.13"]
[SourceQuality "1"]

1. e4 c5 2. Nf3 d6 3. d4 cxd4 4. Nxd4 Nf6 5. Nc3 g6 6. Bg5 Bg7 7. Ndb5 Bd7 8. Bxf6 Bxf6 9. Qd5 Nc6 10. Bc4 0-0 11. 0-0-0 a6 12. Nxd6 exd6 13. Qxd6 Bxc3 14. Qxd7 Qxd7 15. Rxd7 Bxb2+ 16. Kxb2 Ne5 17. Rc7 Nxc4+ 18. Rxc4 Rfd8 19. Kc3 Rd7 20. Rd4 Rc8+ 21. Kd3 Rdc7 22. Rc1 Kf8 23. c4 b5 24. Rd6 a5 25. c5 Rxc5 26. Rxc5 Rxc5 27. Rd5 Rxd5+ 28. exd5 Ke7 29. Kd4 Kd6 30. g3 f6 31. g4 h6 32. f4 h5 33. gxh5 gxh5 34. f5 h4 35. h3 a4 36. a3 b4 37. axb4 a3 38. Kc3 Ke5 39. Kb3 Kxf5 40. b5 a2 41. Kxa2 Ke5 42. b6 Kd6 43. Kb3 Kd7 44. Kc4 Kc8 45. d6 1-0

[Event "Nuremberg Zabo op 12th"]
[Site "Nuremberg"]
[Date "2010.09.19"]
[Round "4"]
[White "Heinrich, Leon"]
[Black "Schmucker, Jonas"]
[Result "1-0"]
[WhiteElo "928"]
[BlackElo "500"]
[PlyCount "47"]
[EventDate "2010.09.17"]
[EventType "swiss"]
[EventRounds "5"]
[EventCountry "GER"]
[SourceTitle "EXT 2011"]
[Source "ChessBase"]
[SourceDate "2010.11.26"]
[SourceVersion "1"]
[SourceVersionDate "2010.11.26"]
[SourceQuality "1"]

1. e4 e5 2. Nf3 Nc6 3. Bc4 Bc5 4. Nc3 Nf6 5. d3 d6 6. Be3 Bxe3 7. fxe3 0-0 8. 0-0 Be6 9. Bb3 Bg4 10. Nd5 Nxd5 11. Bxd5 Qd7 12. Qe1 Bxf3 13. Rxf3 Rab8 14. Qh4 Nb4 15. Bb3 d5 16. Rh3 h6 17. exd5 Nxd5 18. e4 Nf4 19. Rf3 Ng6 20. Qg3 Rbd8 21. Qxg6 Qd4+ 22. Kh1 Rd7 23. Rg3 Qxb2 24. Qxg7# 1-0

[Event "Nuremberg Zabo op 12th"]
[Site "Nuremberg"]
[Date "2010.09.17"]
[Round "1"]
[White "Schmucker, Jonas"]
[Black "Weissmann, Peter"]
[Result "0-1"]
[WhiteElo "500"]
[BlackElo "1730"]
[PlyCount "60"]
[EventDate "2010.09.17"]
[EventType "swiss"]
[EventRounds "5"]
[EventCountry "GER"]
[SourceTitle "EXT 2011"]
[Source "ChessBase"]
[SourceDate "2010.11.26"]
[SourceVersion "1"]
[SourceVersionDate "2010.11.26"]
[SourceQuality "1"]

1. e4 c5 2. Nf3 Nc6 3. Bc4 g6 4. d3 Bg7 5. Be3 Bxb2 6. Bxc5 Bxa1 7. c3 Qa5 8. Qc2 Qxc5 9. 0-0 Ne5 10. Nbd2 Nxc4 11. dxc4 d6 12. Rxa1 Be6 13. Qd3 Rc8 14. Qd4 Nf6 15. Qxc5 Rxc5 16. Rb1 b6 17. Rb4 Kd7 18. g3 Rhc8 19. Ng5 Rxg5 20. Rb5 Rxb5 21. cxb5 Rxc3 22. Kg2 Rc2 23. Nf1 Nxe4 24. Kf3 f5 25. a3 Rxf2+ 26. Ke3 Rxf1 27. Ke2 Bc4+ 28. Ke3 e5 29. a4 d5 30. h4 d4# 0-1